Organization and supervision of elementary education in 100 cities, (Record no. 22114)

MARC details
000 -LEADER
fixed length control field 01012cam a22002531 4500
001 - CONTROL NUMBER
control field e 49000054
003 - CONTROL NUMBER IDENTIFIER
control field DLC
005 - DATE AND TIME OF LATEST TRANSACTION
control field 20260227111234.0
008 - FIXED-LENGTH DATA ELEMENTS--GENERAL INFORMATION
fixed length control field 780207s1949 dcu f000 0 eng
010 ## - LIBRARY OF CONGRESS CONTROL NUMBER
LC control number e 49000054
035 ## - SYSTEM CONTROL NUMBER
System control number (OCoLC)3615491
040 ## - CATALOGING SOURCE
Original cataloging agency DLC
Transcribing agency MsHaU
Modifying agency WU
-- DLC
042 ## - AUTHENTICATION CODE
Authentication code premarc
050 00 - LIBRARY OF CONGRESS CALL NUMBER
Classification number L111
Item number .A6 1949, no. 11
051 ## - LIBRARY OF CONGRESS COPY, ISSUE, OFFPRINT STATEMENT
Classification number LB2819
Item number .B48
Copy information Copy 2.
082 ## - DEWEY DECIMAL CLASSIFICATION NUMBER
Classification number 372
100 1# - MAIN ENTRY--PERSONAL NAME
Personal name Bathurst, Effie G.
Fuller form of name (Effie Geneva),
Dates associated with a name 1886-
245 10 - TITLE STATEMENT
Title Organization and supervision of elementary education in 100 cities,
Statement of responsibility, etc. by Effie G. Bathurst [and others.
260 ## - PUBLICATION, DISTRIBUTION, ETC.
Place of publication, distribution, etc. Washington,
Name of publisher, distributor, etc. Federal Security Agency] Office of Education
Date of publication, distribution, etc. [1949]
300 ## - PHYSICAL DESCRIPTION
Extent ix, 84 p.
Dimensions 23 cm.
440 #0 - SERIES STATEMENT/ADDED ENTRY--TITLE
Title [U.S. Office of Education]
Volume/sequential designation Bulletin, 1949, no. 11
501 ## - WITH NOTE
With note Copies 1 and 2 of L111.A6 with: Petersburg builds a health program / Effie G. Bathurst. Washington : Govt. Print. Off., 1949. Bound together subsequent to publication.
Institution to which field applies DLC
650 #0 - SUBJECT ADDED ENTRY--TOPICAL TERM
Topical term or geographic name entry element School management and organization
Geographic subdivision United States.

No items available.

Powered by Koha